| 000 | 00514nam a22001577a 4500 | ||
|---|---|---|---|
| 003 | OSt | ||
| 005 | 20220531084007.0 | ||
| 008 | 201208b 00| 0 eng d | ||
| 040 |
_aDO-SdBNP _bspa _cBNPHU |
||
| 100 | 1 |
_aGuzmán G., Ramón _977548 |
|
| 245 | 1 | 0 |
_aManual de estudio : _b guía práctica de estudio para estudiantes de intermedia, bachillerato y cursos universitarios / _cRamón Guzmán G. |
| 260 |
_a[s. l. _bs. n. _cs. f.] |
||
| 300 |
_a45 p. ; _c18 cm. |
||
| 504 | _aBibliografía : p. 45 | ||
| 942 |
_2ddc _cLBS1 |
||
| 999 |
_c49263 _d49263 |
||